00610nam a22002057a 450000500170000001000130001702000230003003500130005303700160006604000120008208200170009410000200011124500550013126000460018627000440023230000200027650000510029665000220034765000350036920170124110221.0 aA-943774 c595.00a8124104352 aA-943774 bCen Lib/Ret aDPLbEN a320.954bAWA aAwasthy, S. S.  aIndian goverment and politics /cby S. S. Awasthy  aNew Delhi bHar-Anand Publications c1999 a364-A, chirag delhi bNew Delhie110017 a520p.c21cm(Hb) aIncludes bibliographical references and index  aPolitical science aOpposition (Political science)